| 000 | 00955cam a22003017a 4500 | ||
|---|---|---|---|
| 003 | CHAP | ||
| 005 | 20220329134103.0 | ||
| 008 | 971013s1971 r 00010 d | ||
| 010 | _a15193 | ||
| 011 | _a16165 | ||
| 035 | _a20243 | ||
| 040 | _cCHAP | ||
| 082 |
_a631.41 _bH4 |
||
| 100 | 0 | 0 |
_aHesse, P. R. _955054 |
| 245 | 1 | 2 | _aA textbook of soil chemical analysis |
| 260 |
_aNew York : _bChemical Publishing, _c1971 |
||
| 300 |
_a520 p. _b: ilus. ; gráfs. |
||
| 590 |
_aBATCH-UPD _b10 _c20130110 _lUCH01 _h1543 |
||
| 590 |
_aBATCH-UPD _b10 _c20130410 _lUCH01 _h0944 |
||
| 590 |
_aBATCH-UPD _b10 _c20130914 _lUCH01 _h1659 |
||
| 590 |
_aCONVERSION _b10 _c20130109 _lUCH01 _h1310 |
||
| 650 | 1 | 4 |
_aSuelos _xAnálisis. _9110204 |
| 650 | 1 | 4 |
_aSuelos _xQuímica de. _9110470 |
| 901 | _aBK | ||
| 942 | _cLIBRO | ||
| 949 |
_a631.41 H4 _bBC _cLIBRO _d33724000066577 _eLIBRO _h50981 _i20243 _si |
||
| 949 |
_a631.41 H4 _bBC _cLIBRO _d33724000611745 _eLIBRO _fc.2 _h50981 _i20243 _si |
||
| 999 |
_c15193 _d15193 |
||